1002-上信電鉄の駅 - Statistics

General Stats
  • This quiz has been taken 81 times
  • The average score is 15 of 21
Answer Stats
本線 % Correct
高崎
100%
下仁田
100%
上州富岡
90%
南高崎
81%
佐野のわたし
81%
西富岡
78%
東富岡
73%
南蛇井
73%
高崎商科大学前
69%
吉井
68%
上州新屋
66%
上州福島
66%
千平
66%
山名
63%
西山名
63%
西吉井
63%
上州一ノ宮
61%
馬庭
59%
上州七日市
58%
根小屋
56%
神農原
56%
No matching quizzes found
Score Distribution
Percent of People with Each Score
Percentile by Number Answered
Your Score History
You have not taken this quiz